<?xml version="1.0" encoding="UTF-8"?>
<record
    xmlns:xsi="http://www.w3.org/2001/XMLSchema-instance"
    xsi:schemaLocation="http://www.loc.gov/MARC21/slim http://www.loc.gov/standards/marcxml/schema/MARC21slim.xsd"
    xmlns="http://www.loc.gov/MARC21/slim">

  <leader>00839nam0a22002651  4500</leader>
  <controlfield tag="001">v19\rc\1607795</controlfield>
  <controlfield tag="005">20250618223145.0</controlfield>
  <datafield tag="035" ind1=" " ind2=" ">
    <subfield code="a">(NLR Aleph) 004728820</subfield>
  </datafield>
  <datafield tag="090" ind1=" " ind2=" ">
    <subfield code="a">4430559</subfield>
    <subfield code="c">4430559</subfield>
  </datafield>
  <datafield tag="100" ind1=" " ind2=" ">
    <subfield code="a">20061002d1897    |||y0rusy50      ca</subfield>
  </datafield>
  <datafield tag="101" ind1="0" ind2=" ">
    <subfield code="a">rus</subfield>
    <subfield code="a">ger</subfield>
  </datafield>
  <datafield tag="102" ind1=" " ind2=" ">
    <subfield code="a">RU</subfield>
  </datafield>
  <datafield tag="105" ind1=" " ind2=" ">
    <subfield code="a">e   z   |||||</subfield>
  </datafield>
  <datafield tag="200" ind1="1" ind2=" ">
    <subfield code="a">&#x413;&#x430;&#x43F;&#x441;&#x430;&#x43B;&#x44C;&#x441;&#x43A;&#x438;&#x439; &#x43A;&#x443;&#x440;&#x43E;&#x440;&#x442;</subfield>
    <subfield code="e">&#x421;&#x43F;&#x443;&#x442;&#x43D;&#x438;&#x43A; &#x43F;&#x440;&#x438;&#x435;&#x437;&#x436;&#x435;&#x433;&#x43E; &#x441; &#x43F;&#x43E;&#x434;&#x440;&#x43E;&#x431;. &#x43F;&#x43B;. &#x433;&#x43E;&#x440;&#x43E;&#x434;&#x430;</subfield>
  </datafield>
  <datafield tag="210" ind1=" " ind2=" ">
    <subfield code="a">Riga</subfield>
    <subfield code="c">&#x410;. &#x41A;&#x43E;&#x43F;&#x43F;&#x435;&#x43B;&#x44C;</subfield>
    <subfield code="d">1897</subfield>
  </datafield>
  <datafield tag="215" ind1=" " ind2=" ">
    <subfield code="a">63 &#x441;., 1 &#x43B;. &#x43F;&#x43B;.</subfield>
    <subfield code="d">19</subfield>
  </datafield>
  <datafield tag="300" ind1=" " ind2=" ">
    <subfield code="a">&#x422;&#x435;&#x43A;&#x441;&#x442; &#x43F;&#x430;&#x440;&#x430;&#x43B;. &#x43D;&#x430; &#x440;&#x443;&#x441;. &#x438; &#x43D;&#x435;&#x43C;. &#x44F;&#x437;.</subfield>
  </datafield>
  <datafield tag="710" ind1="0" ind2="2">
    <subfield code="a">"&#x413;&#x430;&#x43F;&#x441;&#x430;&#x43B;&#x44C;", &#x43A;&#x443;&#x440;&#x43E;&#x440;&#x442;</subfield>
    <subfield code="9">737428</subfield>
    <subfield code="3">RU\NLR\AUTH\880537112</subfield>
  </datafield>
  <datafield tag="801" ind1=" " ind2="0">
    <subfield code="a">RU</subfield>
    <subfield code="b">NLR</subfield>
    <subfield code="g">psbo</subfield>
  </datafield>
  <datafield tag="801" ind1=" " ind2="0">
    <subfield code="a">RU</subfield>
    <subfield code="b">RuMoRGB</subfield>
    <subfield code="2">psbo</subfield>
  </datafield>
  <datafield tag="801" ind1=" " ind2="1">
    <subfield code="a">RU</subfield>
    <subfield code="b">ProSoft-M</subfield>
    <subfield code="2">rusmarc</subfield>
  </datafield>
  <datafield tag="852" ind1=" " ind2=" ">
    <subfield code="a">NLR</subfield>
    <subfield code="j">18.298.6.79</subfield>
  </datafield>
  <datafield tag="942" ind1=" " ind2=" ">
    <subfield code="c">BOOK</subfield>
  </datafield>
  <datafield tag="980" ind1=" " ind2=" ">
    <subfield code="a">NB</subfield>
  </datafield>
  <datafield tag="995" ind1=" " ind2=" ">
    <subfield code="5">2013-10-26</subfield>
    <subfield code="b">NLR02</subfield>
    <subfield code="c">NLR02</subfield>
    <subfield code="e">RFS</subfield>
    <subfield code="f">4728820-10</subfield>
    <subfield code="k">18.298.6.79</subfield>
    <subfield code="o">0</subfield>
    <subfield code="r">BOOK</subfield>
    <subfield code="s">18298679_</subfield>
  </datafield>
</record>
